Étapes Tour de France 2025 - Mort subite - Statistiques

Statistiques générales
  • Ce quiz a été pris 464 fois
  • Le résultat moyen est 6 sur 12
Answers on the Grid
Answers color-coded by a green-red scale on the quiz's grid according to % correct below.
Lille > Lille
Valenciennes > Dunkerque
Amiens Métropole > Rouen
Saint-Malo > Mûr-de-Bretagne Guerlédan
Caen > Caen
Chinon > Châteauroux
Ennezat > Le Mont-Dore Puy de Sancy
Albertville > La Plagne
Bollène > Valence
Mantes-la-Ville > Paris Champs-Élysées
Vif > Courchevel Col de la Loze
Pau > Luchon-Superbagnères
Mâcon > Dijon
Florence > Rimini
Agen > Pau
Gruissan > Nîmes
Gap > Barcelonnette
Clermont-Ferrand > Moulins
Passy > Combloux
Pau > Laruns
Dunkerque > Calais
Carcassonne > Foix
 
Statistiques - réponses
Réponse % Correct
Lille > Lille
72%
Mantes-la-Ville > Paris Champs-Élysées
61%
Caen > Caen
60%
Pau > Luchon-Superbagnères
60%
Saint-Malo > Mûr-de-Bretagne Guerlédan
58%
Vif > Courchevel Col de la Loze
57%
Albertville > La Plagne
52%
Ennezat > Le Mont-Dore Puy de Sancy
52%
Amiens Métropole > Rouen
45%
Chinon > Châteauroux
43%
Valenciennes > Dunkerque
43%
Bollène > Valence
41%
Aucun quiz correspondant
Distribution des résultats
% des personnes avec chaque résultat
Percentile par nombre de réponses
Votre historique - résultats
Vous n’avez pas pris ce quiz